Записки / (Record no. 108036)
[ view plain ]
| 000 -LEADER | |
|---|---|
| fixed length control field | 01033nam a2200253 a 4500 |
| 001 - CONTROL NUMBER | |
| control field | 000294597 |
| 003 - CONTROL NUMBER IDENTIFIER | |
| control field | AM-YeHGA |
| 005 - DATE AND TIME OF LATEST TRANSACTION | |
| control field | 20250617125951.0 |
| 008 - FIXED-LENGTH DATA ELEMENTS--GENERAL INFORMATION | |
| fixed length control field | 030828s1991 ||| r 000 0 rus d |
| 020 ## - INTERNATIONAL STANDARD BOOK NUMBER | |
| International Standard Book Number | 5742403267 |
| 040 ## - CATALOGING SOURCE | |
| Original cataloging agency | AM-YeHGA |
| 041 0# - LANGUAGE CODE | |
| Language code of text/sound track or separate title | rus |
| 090 ## - LOCALLY ASSIGNED LC-TYPE CALL NUMBER (OCLC); LOCAL CALL NUMBER (RLIN) | |
| -- | 109364 |
| 100 1# - MAIN ENTRY--PERSONAL NAME | |
| Personal name | Волконский, Сергей Григорьевич |
| 245 10 - TITLE STATEMENT | |
| Title | Записки / |
| Statement of responsibility, etc. | С.Г. Волконский; Отв. ред.: Н.Я. Эйдельман. |
| 260 ## - PUBLICATION, DISTRIBUTION, ETC. | |
| Place of publication, distribution, etc. | Иркутск : |
| Name of publisher, distributor, etc. | Вост.-Сиб. кн. изд-во, |
| Date of publication, distribution, etc. | 1991. |
| 300 ## - PHYSICAL DESCRIPTION | |
| Extent | 511 с. |
| Other physical details | [1] л. портр. |
| 490 1# - SERIES STATEMENT | |
| Series statement | Полярная звезда / Гл. ред.: И.Д. Ковальченко |
| 504 ## - BIBLIOGRAPHY, ETC. NOTE | |
| Bibliography, etc. note | Библиогр. в примеч.: с. 492 |
| 650 14 - SUBJECT ADDED ENTRY--TOPICAL TERM | |
| Topical term or geographic name entry element | Декабристы |
| Form subdivision | Воспоминания и записки |
| 650 14 - SUBJECT ADDED ENTRY--TOPICAL TERM | |
| Topical term or geographic name entry element | Историческая литература |
| Form subdivision | Мемуары |
| Geographic subdivision | Россия |
| 700 1# - ADDED ENTRY--PERSONAL NAME | |
| Personal name | Эйдельман, Натан Яковлевич |
| Relator term | ред. |
| Relationship | edt |
| 830 #0 - SERIES ADDED ENTRY--UNIFORM TITLE | |
| Uniform title | Полярная звезда |
| Withdrawn status | Lost status | Damaged status | Not for loan | Collection | Home library | Current library | Date acquired | Total checkouts | Full call number | Barcode | Date last seen | Price effective from | Koha item type | Public note |
|---|---|---|---|---|---|---|---|---|---|---|---|---|---|---|
| General | Fundamental Scientific Library | Fundamental Scientific Library | 22/12/2016 | 882 | 120636278 | 22/12/2016 | 22/12/2016 | Գրքեր / Books | 30 Days Loan |
ՀՀ Գիտությունների ազգային ակադեմիայի հիմնարար գիտական գրադարան = Fundamental Scientific Library of NAS RA
All site content, except where otherwise noted, is licensed under a